Statistics for Country Names Within Other Country Names

Click here to take the quiz!

General Stats

  • This quiz has been taken 42 times
  • The average score is 4 of 9

Answer Stats

CountryHidden Country% Correct
South SudanSudan
64%
Equatorial GuineaGuinea
62%
Guinea-BissauGuinea
62%
Dominican RepublicDominica
56%
NigeriaNiger
56%
Papua New GuineaGuinea
51%
Democratic Republic
of the Congo
Republic of
the Congo
49%
SomaliaMali
18%
RomaniaOman
13%

Score Distribution

Percentile by Number Answered

Percent of People with Each Score

Your Score History

You have not taken this quiz